How to think straight about psychology (Record no. 7051)
[ view plain ]
| 000 -LEADER | |
|---|---|
| fixed length control field | 01504 a2200217 4500 |
| 020 ## - INTERNATIONAL STANDARD BOOK NUMBER | |
| International Standard Book Number | 0205685900 |
| 020 ## - INTERNATIONAL STANDARD BOOK NUMBER | |
| International Standard Book Number | 0205685900 |
| 040 ## - CATALOGING SOURCE | |
| Original cataloging agency | DLC |
| Language of cataloging | DLC |
| 082 00 - DEWEY DECIMAL CLASSIFICATION NUMBER | |
| Classification number | 150.72 |
| 100 1# - MAIN ENTRY--PERSONAL NAME | |
| Personal name | Stanovich, Keith E., |
| 9 (RLIN) | 53104 |
| 245 10 - TITLE STATEMENT | |
| Title | How to think straight about psychology |
| Statement of responsibility, etc. | Keith E. Stanovich. |
| 250 ## - EDITION STATEMENT | |
| Edition statement | 7th ed. |
| 260 ## - PUBLICATION, DISTRIBUTION, ETC. | |
| Place of publication, distribution, etc. | New Delhi : ., |
| Name of publisher, distributor, etc. | Pearson Education Inc |
| Date of publication, distribution, etc. | c2007. |
| 300 ## - PHYSICAL DESCRIPTION | |
| Extent | p. cm. |
| 505 0# - FORMATTED CONTENTS NOTE | |
| Formatted contents note | Psychology is alive and well (and doing fine among the sciences) -- Falsifiability : how to foil little green men in the head -- Operationism and essentialism : "But, doctor, what does it really mean?" -- Testimonials and case study evidence : placebo effects and the Amazing Randi -- Correlation and causation : birth control by the toaster method -- Getting things under control : the case of Clever Hans -- "But it's not real life!" : the "artificiality," criticism and psychology -- Avoiding the Einstein syndrome : the importance of converging evidence -- The misguided search for the "magic bullet" : the issue of multiple causation -- The Achilles' heel of human cognition : probabilistic reasoning -- The role of chance in psychology -- The Rodney Dangerfield of the sciences. |
| 600 ## - SUBJECT ADDED ENTRY--PERSONAL NAME | |
| Personal name | .Psychology--Research--Methodology. 2.Mass media--Psychological aspects. 3.Mass media--Objectivity. |
| 9 (RLIN) | 122504 |
| 650 #0 - SUBJECT ADDED ENTRY--TOPICAL TERM | |
| Topical term or geographic name entry element | Psychology |
| General subdivision | Research |
| -- | Methodology. |
| 650 #0 - SUBJECT ADDED ENTRY--TOPICAL TERM | |
| Topical term or geographic name entry element | Mass media |
| General subdivision | Psychological aspects. |
| 9 (RLIN) | 122505 |
| 650 #0 - SUBJECT ADDED ENTRY--TOPICAL TERM | |
| Topical term or geographic name entry element | Mass media |
| General subdivision | Objectivity. |
| 9 (RLIN) | 119421 |
| 942 ## - ADDED ENTRY ELEMENTS (KOHA) | |
| Koha item type | Book |
| Call number prefix | 150.72 STA |
| Source of classification or shelving scheme | |
| Withdrawn status | Lost status | Source of classification or shelving scheme | Damaged status | Not for loan | Permanent Location | Current Location | Shelving location | Date acquired | Source of acquisition | Total Checkouts | Full call number | Barcode | Date last seen | Date last checked out | Price effective from | Koha item type | Total Renewals |
|---|---|---|---|---|---|---|---|---|---|---|---|---|---|---|---|---|---|
| Central Library (CL) | Central Library (CL) | General Stacks | 04/09/2008 | Donation | 1 | 150 STA | SEECS008951 | 09/07/2023 | 10/14/2016 | 01/05/2017 | Book | ||||||
| Central Library (CL) | Central Library (CL) | General Stacks | 04/09/2008 | Donation | 1 | 150 STA | SEECS008950 | 01/03/2020 | 10/20/2019 | 01/05/2017 | Book | ||||||
| Central Library (CL) | Central Library (CL) | General Stacks | 04/09/2008 | Donation | 1 | 150 STA | SEECS008952 | 05/12/2016 | 03/24/2016 | 01/05/2017 | Book | 1 |
